AMERICAN SCIENTIST (Record no. 6162)
[ view plain ]
| 000 -LEADER | |
|---|---|
| fixed length control field | 00442nam a2200157Ia 4500 |
| 022 ## - INTERNATIONAL STANDARD SERIAL NUMBER | |
| ISSN | 0003-0996 |
| 245 #0 - TITLE STATEMENT | |
| Title | AMERICAN SCIENTIST |
| 260 ## - PUBLICATION, DISTRIBUTION, ETC. (IMPRINT) | |
| Name of publisher | Scientific Research Society, New Haven |
| Place of publication | USA |
| 310 ## - CURRENT PUBLICATION FREQUENCY | |
| Current publication frequency | BM |
| 500 ## - GENERAL NOTE | |
| General note | End Date: 1988 |
| 500 ## - GENERAL NOTE | |
| General note | Ending Volume & Year: 76, 1988 |
| 500 ## - GENERAL NOTE | |
| General note | Missing Volume: 67(2);72(2);74(2) |
| 500 ## - GENERAL NOTE | |
| General note | Starting Volume & Year: 62, 1974 |
| 942 ## - ADDED ENTRY ELEMENTS (KOHA) | |
| Koha item type | Bound Journal |
| Withdrawn status | Lost status | Damaged status | Not for loan | Home library | Current library | Date acquired | Accession Number | Koha item type |
|---|---|---|---|---|---|---|---|---|
| Bound journals | RRII Library | RRII Library | 31/12/2021 | 06142J | Bound Journal |